| 000 | 00453 a2200157 4500 | ||
|---|---|---|---|
| 020 | _a9780132884389 | ||
| 082 | _a658.4032 | ||
| 090 |
_c7247 _d7247 |
||
| 100 | _aJames Taylor | ||
| 245 |
_aDecision Management Systems _cJames Taylor |
||
| 260 |
_aNew York _bIBM Press _c2012 |
||
| 300 |
_axxviii, 284.; _bill.: _c24cm. |
||
| 440 | _aA practical guide to using business rules and predictive analytics | ||
| 700 | _aJames Taylor | ||
| 942 |
_cBK _k658.4032 TAY |
||
| 999 |
_c11050 _d11050 |
||